| 000 | 01587nam a22003977a 4500 | ||
|---|---|---|---|
| 003 | CHAP | ||
| 005 | 20220329143526.0 | ||
| 008 | 100408s2010 mx r 00010 spa d | ||
| 010 | _a98023 | ||
| 011 | _a98995 | ||
| 035 | _a109680 | ||
| 040 | _cCHAP | ||
| 090 | _aTesis | ||
| 100 | 1 |
_aSandoval García, Inés. _9102123 |
|
| 245 | 1 | 0 |
_aProducción, composición de la leche y componenetes sanguineos de vacas Holstein en época de secas y lluvias _c/por Inés Sandoval García y Angel Hiroshi Soto Urano |
| 260 |
_aChapingo, Méx. : _bEl autor, _c2010 |
||
| 300 |
_axviii, 131 h. : _btablas, gráfs. |
||
| 502 | _aTesis (Ing. Agr. Esp. en Zootecnia) -- UACH. Departamento de Enseñanza, Investigación y Servicio en Zootecnia | ||
| 530 | _aTambién disponible en línea | ||
| 590 |
_aALEPH _b10 _c20130110 _lUCH01 _h1533 |
||
| 590 |
_aBATCH-UPD _b10 _c20130110 _lUCH01 _h1533 |
||
| 590 |
_aBATCH-UPD _b10 _c20130410 _lUCH01 _h0939 |
||
| 590 |
_aBATCH-UPD _b10 _c20130914 _lUCH01 _h1512 |
||
| 590 |
_aBATCH-UPD _b10 _c20140324 _lUCH01 _h1515 |
||
| 590 |
_aBATCH-UPD _b10 _c20141002 _lUCH01 _h0842 |
||
| 590 |
_aCONVERSION _b10 _c20130109 _lUCH01 _h1354 |
||
| 650 | 0 | 4 |
_aGanado Holstein. _945133 |
| 650 | 0 | 4 |
_aLeche _xComposición. _965363 |
| 650 | 0 | 4 |
_aLeche _xProducción. _965400 |
| 700 | 1 |
_aSoto Urano, Ángel Hiroshi. _9108922 |
|
| 856 |
_3Finding aid _uhttp://10.13.5.2/tesis/109680.pdf _zTeclea aqui |
||
| 901 | _aBK | ||
| 942 | _cFOLL | ||
| 949 |
_bBC _cTES _d33724002170470 _eTS1 _gDonaciØn _h109680 _i109680 _sb |
||
| 949 |
_bBC _cTES _d33724002170512 _eTS2 _fc.2 _gDonaciØn _h50556 _i109680 _sb |
||
| 999 |
_c98023 _d98023 |
||